000
00206 a2200097 4500
001
41456
100
_a
A Yusuf Ali
245
_a
The holy Qur'an
260
_a
Lahore
_b
Sh M ashraf
_c
090
_c
25625
_d
25625
942
_a
NUST-CAE
_c
M
_c
17364
999
_c
276529
_d
276529